[Event "Saratov Aratovsky Memorial 6th"]
[Site "Saratov"]
[Date "2006.12.02"]
[Round "6"]
[White "Biknus, Tatiana"]
[Black "Korchmar, Vasiliy"]
[Result "0-1"]
[WhiteElo "1856"]
[BlackElo "1912"]
[PlyCount "62"]
[EventDate "2006.11.27"]
[EventType "swiss"]
[EventRounds "9"]
[EventCountry "RUS"]
[SourceTitle "EXT 2008"]
[Source "ChessBase"]
[SourceDate "2007.11.25"]
[SourceVersion "1"]
[SourceVersionDate "2007.11.25"]
[SourceQuality "1"]

1. e4 d5 2. exd5 Qxd5 3. Nc3 Qa5 4. Nf3 Nf6 5. Bc4 Bf5 6. d3 c6 7. Bf4 e6 8. 0-0 Be7 9. h3 h6 10. Qd2 Qd8 11. Rae1 Bd6 12. Bb3 Qc7 13. Bxd6 Qxd6 14. Nh4 Bh7 15. Re2 Nbd7 16. Nf3 0-0-0 17. Qe3 Kb8 18. Ne5 Qe7 19. Nxd7+ Nxd7 20. Qg3+ Ka8 21. Qxg7 Bf5 22. Qg3 Rdg8 23. Qf3 Qh4 24. Re3 Nf6 25. Ne4 Nh5 26. Kh2 Bg4 27. Qxf7 Rg7 28. Nd6 Rxf7 29. Nxf7 Rf8 30. Bxe6 Bxe6 31. Rxe6 Qf4+ 0-1